00628nam a2200145Ia 4500008004100000024005600041082001800097100007600115245007600191260002500267600003200292650003300324952010800357999001700465250506s9999 xx 000 0 und d a98A-031-CS, 98A-042-CS, 98A-029-CS & 98A-013-CS a004.67072 LEH aFawad Yousaf Lehar, Ajmal Siddqui Malik, M.Khurram Rehman & Abrar Ahmed 0aTo Study the Internet & Build The Model of an Internet Service Provider aKarachi:bUIT,c1998 aComputer System Engineering aBachelor of Engineering (BE) 001040708PR-CEaUITUbUITUd2022-07-26l0o004.67072 LEHpCE-57r2025-05-06 11:34:10w2025-05-06yPR c27831d27831